Aktuálna problematika agropotravinárskeho sektora a vývojové tendecie diplomová práca

Saved in:
Bibliographic Details
Main Author: Molnárová, Zuzana
Corporate Author: Obchodná fakulta EU. Katedra tovaroznalectva a kvality tovaru
Other Authors: Lacková, Alica
Format: Book
Language:Slovak
Published: Bratislava 2008
Tags: Add Tag
No Tags, Be the first to tag this record!

MARC

LEADER 00000nam$a2200000$$$4500
001 0081721
005 20240201114714.0
041 0 |a slo 
044 |a SK 
245 1 0 |a Aktuálna problematika agropotravinárskeho sektora a vývojové tendecie  |b diplomová práca  |c Zuzana Molnárová ; škol. Alica Lacková 
264 1 |a Bratislava  |c 2008 
300 |a 70 s. 
100 1 |a Molnárová, Zuzana 
700 1 |a Lacková, Alica 
710 2 |a Obchodná fakulta EU. Katedra tovaroznalectva a kvality tovaru